| 000 | 00860nam a22002177a 4500 | ||
|---|---|---|---|
| 999 |
_c15764 _d15764 |
||
| 003 | MIRAKIL | ||
| 005 | 20240322151317.0 | ||
| 008 | 240322b tu ||||| |||| 00| 0 tur d | ||
| 020 | _a9789751625816 | ||
| 040 |
_aTR-AnCHP _cTR-AnCHP |
||
| 041 | _atur | ||
| 082 |
_a398.4 _bU93 2013 |
||
| 245 | 1 | 0 |
_aUygur halk destanları 2 / _chazırlayan: Alimcan İnayet ; inceleyen: Hamza Zülfikar. |
| 260 |
_aAnkara : _bTürk Dil Kurumu, _c2013. |
||
| 300 |
_ac. "2." (188 s.) ; _c12 cm. |
||
| 490 | 0 |
_aAtatürk Kültür, Dil ve Tarih Yüksek Kurumu Türk Dil Kurumu yayınları. _v1082. |
|
| 490 | 0 |
_aTürk Dünyası Destanlarının Tespiti, Türkiye Türkçesine Aktarılması ve Yayımlanması Projesi ; _v55. |
|
| 650 | 0 |
_97722 _aDestanlar _zUygur |
|
| 856 | _zDijital Nüshası için Partimizin Kütüphane Sorumlusu ile iletişime geçiniz. | ||
| 942 |
_2ddc _cBKS |
||